TV Bartenders Quiz Stats

 Plays Quiz Updated Jun 28, 2018

Score 0/12 Timer 01:30
3 Plays Today
% Correct
Moe Szyslak
95.2%
Isaac Washington
94.4%
Sam 'Mayday' Malone
94%
Carl MacLaren
93.4%
Horace
93.2%
iZac
92.5%
Al Swearengen
92.3%
Woody Boyd
90.8%
Deandra 'Dee' Reynolds
89.9%
Quark
87%
Tara Thornton
86.7%
Guinan
74.8%

You're not logged in!

Compare scores with friends on all Sporcle quizzes.
OR
Log In

Sporcle TV

Today on Sporcle TV


Watch our educational content, quiz creation guides, and fun videos on Sporcle TV.

Show Comments

Extras

Top Quizzes Today


Score Distribution

Your Account Isn't Verified!

In order to create a playlist on Sporcle, you need to verify the email address you used during registration. Go to your Sporcle Settings to finish the process.

Report this User

Report this user for behavior that violates our Community Guidelines.

Details: